00689nam a2200157 a 450000100100000000500170001000800410002704000250006810000380009324501800013126000690031130000200038004900090040095201050040999900170051400002806620200930031324.0110406s1906 dr 000 0 spa d aDO-SdBNPbspacBNPHU1 aHermogenes García, Zoilo95508913aLa provincia Espaillat y sus límites. :bopiniones dedicadas á Moca y La Vega, representadas en el Congreso Nacional por sus dignos diputados /cZoilo Hermogenes García. aMoca, República Dominicana :bImprenta Rafael E. Rojas,c1906. a32 p. ;c18 cm. aBNPD 001050718RVaPDbPDcCTd2011-04-06iLF1l0o p28066-10r2020-06-25w2020-06-25y1ZNo se presta c27558d27558